Central Library OPAC University of Rajshahi

An outline of structural geology / (Record no. 67485)

MARC details
000 -LEADER
fixed length control field 00863nam a2200265 a 4500
001 - CONTROL NUMBER
control field 67485
003 - CONTROL NUMBER IDENTIFIER
rucl marc code BD-RjUL
005 - DATE AND TIME OF LATEST TRANSACTION
control field 20211209081648.0
008 - FIXED-LENGTH DATA ELEMENTS--GENERAL INFORMATION
fixed length control field 170325s1976 nyua b 001 0 eng
020 ## - INTERNATIONAL STANDARD BOOK NUMBER
International Standard Book Number 0471401560
035 ## - SYSTEM CONTROL NUMBER
System control number (BD-RjUL)67616
040 ## - CATALOGING SOURCE
Original cataloging agency DLC
Transcribing agency DLC
Modifying agency BD-RjUL
Language of cataloging eng
041 ## - LANGUAGE CODE
Language code of text/sound track or separate title eng
082 00 - DEWEY DECIMAL CLASSIFICATION NUMBER
Classification number 551.8
Edition number 23
Author mark and year HOO 1976
100 1# - MAIN ENTRY--PERSONAL NAME
Personal name Hobbs, Bruce E.
9 (RLIN) 199963
245 13 - TITLE STATEMENT
Title An outline of structural geology /
Statement of responsibility, etc. Bruce E. Hobbs, Winthrop D. Means, Paul F. Williams.
260 ## - PUBLICATION, DISTRIBUTION, ETC. (IMPRINT)
Place of publication, distribution, etc. New York :
Name of publisher, distributor, etc. Wiley,
Date of publication, distribution, etc. c1976.
300 ## - PHYSICAL DESCRIPTION
Pagination xviii, 571 p. :
Illustrations ill. ;
Size 24 cm.
500 ## - GENERAL NOTE
General note Includes index.
504 ## - BIBLIOGRAPHY, ETC. NOTE
Bibliography, etc Bibliography: p. 521-554.
650 #0 - SUBJECT ADDED ENTRY--TOPICAL TERM
Topical term or geographic name as entry element Geology, Structural.
9 (RLIN) 199964
700 1# - ADDED ENTRY--PERSONAL NAME
Personal name Means, W. D.
Fuller form of name (Winthrop Dickinson),
Relator term joint author.
Personal name Williams, P. F.
Fuller form of name (Paul Frederick),
Dates associated with a name 1938-
Relator term joint author.
942 ## - ADDED ENTRY ELEMENTS (KOHA)
Source of classification or shelving scheme Dewey Decimal Classification
Koha item type Books
Holdings
Lost status Source of classification or shelving scheme Damaged status Not for loan Collection code Permanent Location Current Location Shelving location Date acquired Source of acquisition Cost, normal purchase price Total Checkouts Full call number Date last seen Copy number Koha item type
  Dewey Decimal Classification   Not For Loan Non-fiction Central Library, University of Rajshahi Central Library, University of Rajshahi Reading Room 05/10/1983 Tappom-Tulip 92.95   551.8 HOO 1976 25/03/2017 C-1 Books